Aprende a estudiar con éxito

Saved in:
Bibliografiske detaljer
Hovedforfatter: Díaz Vega, José Luis (Author)
Format: Bog
Sprog:spansk
Udgivet: Ciudad de México Trillas 1989
Fag:
Tags: Tilføj Tag
Ingen Tags, Vær først til at tagge denne postø!

MARC

LEADER 00000nam a2200000 a 4500
001 UCW5093
003 CL-VaPUC
008 901129e19890000MX |||||||||||||||||spa|d
082 0 4 |a 371.30281  |b DIA  |2 21 
100 0 |a Díaz Vega, José Luis  |e author  |9 309937 
245 1 0 |a Aprende a estudiar con éxito 
300 |a 130 p 
942 |c BK 
945 |d 19901129 00:00:00 
260 |a Ciudad de México  |b Trillas  |c 1989 
650 0 |a Métodos de estudio  |9 260518 
650 0 |a Autoeducación  |9 306343 
650 7 |a PREDICCION DEL EXITO ESCOLAR  |2 CL-VaPUC  |9 309938 
583 |a last modification  |c 19901129 00:00:00  |k Rodrigo Vera 
999 |c 218605  |d 218603 
952 |0 0  |1 0  |4 0  |6 371_302810000000000_DIA_1989  |7 0  |8 A  |9 208396  |a BIBEDU  |b BIBEDU  |d 2019-11-15  |i 2763222  |o 371.30281 DIA 1989  |p 2763222  |r 2019-11-15  |w 2019-11-15  |y BK  |k EDU